LEADER 01252nam a2200277 4500 001 000000337999 003 CaOOAMICUS 005 20191212171656.0 008 191118s2007 it 000 u ita r 020 $a978-88-04-57511-5 040 $aSeMil$bita 100 1 $aCamilleri, Andrea,$d<1925-2019>.$0(OLS)http://semarc/name/42450 245 10$aVoi non sapete :$bgli amici, i nemici, la mafia, il mondo nei pizzini di Bernardo Provenzano /$cAndrea Camilleri. 264 1$aMilano :$bMondadori,$c2007. 300 $a212 p. ;$c23 cm 541 1 $aFondo mons. Pasquale Macchi 650 4$aProvenzano, Bernardo .$0(OLS)http://semarc/subject/48862 650 4$aMafia - Sicilia.$0(OLS)http://semarc/subject/28004 830 0$aScrittori italiani e stranieri.$0(OLS)http://semarc/title/2727 850 $aSeMil 852 $aSeMil$W1$xVenegono$y1$m3W II 52$j219080$B229371$CSeMilBibl$Z2$F229371 $81 941 1 $a9 996 $6020$a978-88-04-57511-5$9(OLS)http://semarc/number/289212 996 $6245$aVoi non sapete :$bgli amici, i nemici, la mafia, il mondo nei pizzini di Bernardo Provenzano$9(OLS)http://semarc/title/426906 996 $6264$aMilano :$bMondadori$9(OLS)http://semarc/publisher/30335 LEADER 01029nam a2200229 i 4500 001 000000056710 003 CaOOAMICUS 005 20250616103233.0 008 970908s1964 it u000 u ita u 040 $aSeMil$bita 100 1 $aTurla, Mario.$0(OLS)http://semarc/name/28733 245 14$aGli istituti giuridici barbarici e la professione di legge nel territorio del Seprio. 250 $aEd. fuori commercio 264 1$aGallarate :$bTipografia Ditta Domenico Ferrario,$c1964. 300 $a25 p. ;$c24 cm 650 4$aBarbari - Storia - Diritto.$0(OLS)http://semarc/subject/57856 650 4$aSeprio .$0(OLS)http://semarc/subject/11467 850 $aSeMil 852 $aSeMil$W1$xVenegono$y1$m2I IV 462$j22864$B22864$CSeMilBibl$Z2$F22866 $81 996 $6245$aGli istituti giuridici barbarici e la professione di legge nel territorio del Seprio$9(OLS)http://semarc/title/88209 996 $6264$aGallarate :$bTipografia Ditta Domenico Ferrario$9(OLS)http://semarc/publisher/40768